000 01013cam a22003015a 4500
008 150813t2005 njua f b 001 0 eng d
010 _a 2004045395
020 _a0131409700
020 _a9780131409705
040 _aEG-ScBUE
_beng
_cEG-ScBUE
082 0 4 _a628.1
_bVIE
100 1 _aViessman, Warren.
245 1 0 _aWater supply and pollution control /
_cWarren Viessman, Jr., Mark J. Hammer.
250 _a7th ed.
260 _aUpper Saddle River, New Jersey:
_bPearson Prentice Hall,
_cc.2005.
300 _axviii, 867 p. :
_bill., maps ;
_c25 cm.
500 _aIndex: p. 854-867.
504 _aIncludes bibliographical references and index.
511 _aCatalogued By: Mahitab.
590 _aMohamed Hussein
650 0 _aWater-supply
_xManagement.
_2BUEsh
650 0 _aWater
_xPurification.
_2BUEsh
650 0 _aSewage
_xPurification.
_2BUEsh
651 _2BUEsh
653 _bBUSADM
_bBUSBOL
_cAugust2015
700 1 _aHammer, Mark J.,
_d1931-
_932558
942 _cBB
_k628.1VIE
_2ddc
999 _c10279
_d6312